01888nam a2200337 a 4500001000400000003001000004005001700014008004100031020001800072040002500090080002700115090002500142245017000167250001300337260003800350300002000388490006700408500019900475504003600674650007200710650008300782700003800865700004200903830006400945942001201009952012901021952012901150952012901279952012901408999001301537565BR-CuiBMT20231129061759.0231109s2021 mgb 001 0 por d a9786555182125 aBR-CuiBMTcBR-CuiBMT 22007a351.712x(094.5) a351.712(094.5)bL52500aLei nº 14.133/2021 :blei de licitações e contratos administrativos /corganização de textos e índice Ana Luiza Jacoby Fernandes e J. U. Jacoby Fernandes. a[1. ed.] aBelo Horizonte :bFórum,c2021. a576 p. ;c18 cm1 aColeção Jacoby Fernandes de direito administrativo ;vv. 1 aMelhor índice remissivo alfabético, LC nº 182/2021 e indicação dos artigos correspondentes nas leis que serão revogadas (Lei nº 8.666/1993, Lei nº 10.520/2002 e Lei nº 12.462/2011) ainclui bibliografia e índice. aAdministração públicaxLicitaçõesvLegislaçãozBrasil aAdministração públicaxContratos administrativosvLegislaçãozBrasil1 aFernandes, Ana Luiza Jacoby4org.1 aFernandes, Jorge Ulisses Jacoby4org. 0aColeção Jacoby Fernandes de direito administrativo ;v1 2udccLV 00102udc4070aBIBTCEMTbBIBTCEMTd2023-11-09l0o351.712(094.5) L525pBIBTCEMT23110365r2023-11-09tEx. 1w2023-11-09yLV 00102udc4070aBIBTCEMTbBIBTCEMTd2023-11-09l0o351.712(094.5) L525pBIBTCEMT23110366r2023-11-09tEx. 2w2023-11-09yLV 00102udc4070aBIBTCEMTbBIBTCEMTd2023-11-22l0o351.712(094.5) L525pBIBTCEMT23110843r2023-11-22tEx. 3w2023-11-22yLV 00102udc4070aBIBTCEMTbBIBTCEMTd2023-11-22l0o351.712(094.5) L525pBIBTCEMT23110844r2023-11-22tEx. 4w2023-11-22yLV c565d565